Cell Cycle Phase Names - Statistics

General Stats
  • This quiz has been taken 14 times
  • The average score is 4 of 5
Answer Stats
Phase Action % Correct
Anaphase Spindle fibres split chromosomes
100%
Metaphase Chromosomes align to centre
91%
Prophase Nucleus dissolves
91%
Interphase chromosomes/DNA replicate
73%
Telephase Cells split and nucleus reforms
27%
No matching quizzes found
Score Distribution
Percent of People with Each Score
Percentile by Number Answered
Your Score History
You have not taken this quiz